书目信息 |
| 题名: |
建筑识图与房屋构造
|
|
| 作者: | 尚久明 主编 | |
| 分册: | ||
| 出版信息: | 北京 电子工业出版社 2010 |
|
| 页数: | 16,362页 | |
| 开本: | 26cm | |
| 丛书名: | ||
| 单 册: | ||
| 中图分类: | TU204 , TU22 | |
| 科图分类: | ||
| 主题词: | 建筑制图--高等教育--教材 , 房屋结构--高等教育--教材 , 建筑制图 , 房屋结构 | |
| 电子资源: | ||
| ISBN: | 978-7-121-09940-3 | |
| 000 | 00918nam0 2200301 450 | |
| 001 | 012015000178 | |
| 005 | 20150911083420.46 | |
| 010 | @a978-7-121-09940-3@dCNY39.00 | |
| 100 | @a20100323d2010 em y0chiy50 ea | |
| 101 | 0 | @achi |
| 102 | @aCN@b110000 | |
| 105 | @ay z 000yy | |
| 106 | @ar | |
| 200 | 1 | @a建筑识图与房屋构造@Ajian zhu shi tu yu fang wu gou zao@f尚久明主编 |
| 205 | @a2版 | |
| 210 | @a北京@c电子工业出版社@d2010 | |
| 215 | @a16,362页@d26cm | |
| 300 | @a全国高职高专院校规划教材·精品与示范系列 | |
| 330 | @a本书以图形为主线,通过建筑施工图、结构施工图实例,将全书内容沟通、衔接成为一个有机的整体。 | |
| 606 | 0 | @a建筑制图@x高等教育@j教材 |
| 606 | 0 | @a房屋结构@x高等教育@j教材 |
| 606 | 0 | @a建筑制图 |
| 606 | 0 | @a房屋结构 |
| 690 | @aTU204@v5 | |
| 690 | @aTU22@v5 | |
| 701 | 0 | @a尚久明@Ashang jiu ming@4主编 |
| 801 | 0 | @aCN@b碧洲教育@c20150716 |
| 905 | @a10447@f3@dTU204@e674=2 | |
| 建筑识图与房屋构造/尚久明主编.-2版.-北京:电子工业出版社,2010 |
| 16,362页;26cm |
| 全国高职高专院校规划教材·精品与示范系列 |
| ISBN 978-7-121-09940-3:CNY39.00 |
| 本书以图形为主线,通过建筑施工图、结构施工图实例,将全书内容沟通、衔接成为一个有机的整体。 |
| ● |
| 相关链接 |
|
|
|
|
正题名:建筑识图与房屋构造
索取号:TU204/674=2
 
预约/预借
| 序号 | 登录号 | 条形码 | 馆藏地/架位号 | 状态 | 备注 |
| 1 | 0849940 | 208499409 | 第二样本阅览室/ [索取号:TU204/674=2] | 在馆 | |
| 2 | 0849941 | 208499418 | 第三借阅区/ [索取号:TU204/674=2] | 在馆 | |
| 3 | 0849942 | 208499427 | 第三借阅区/ [索取号:TU204/674=2] | 在馆 |